000 00606nam a22002177a 4500
003 UA-OsUOA
001 105598
007 ta
008 20140313b un ||||| |||| 00| 0 ukr d
100 _aЗаславський В.
090 _a32
_bЗ-36
942 _cSA
040 _aUA-OsUOA
_bukr
_cUA-OsUOA
_dUA-OsUOA
245 _aІсторичні концепції України: розділяємо чи об'єднуємо
300 _aС.23-27
955 _a0
041 _aukr
080 _a32
773 0 _w105597
_tПатріярхат
_dЛьвів
_d0
_g0
650 7 _a32 Політика
_2UDC
999 _c391324
_d391324